[Event "Niedersachsen-ch U18 Girls"]
[Site "Rotenburg"]
[Date "2013.03.27"]
[Round "7"]
[White "Serruns, Jacqueline"]
[Black "Evering, Kira"]
[Result "1-0"]
[WhiteElo "989"]
[BlackElo "668"]
[PlyCount "35"]
[EventDate "2013.03.23"]
[EventType "swiss"]
[EventRounds "9"]
[EventCountry "GER"]
[SourceTitle "EXT 2015"]
[Source "ChessBase"]
[SourceDate "2014.11.20"]
[SourceVersion "1"]
[SourceVersionDate "2014.11.20"]
[SourceQuality "1"]

1. e4 e5 2. Nf3 Nc6 3. Bb5 Bc5 4. Nc3 d6 5. d4 exd4 6. Nxd4 Nge7 7. 0-0 Bd7 8. Bxc6 Nxc6 9. Nf3 Bg4 10. Qd3 Nb4 11. Qe2 0-0 12. a3 Nc6 13. Qd3 h6 14. b4 Bb6 15. Bb2 a6 16. Nd5 Ba7 17. Qc3 Qd7 18. Qxg7# 1-0

[Event "Niedersachsen-ch U18 Girls"]
[Site "Rotenburg"]
[Date "2012.03.31"]
[Round "1"]
[White "Serruns, Jacqueline"]
[Black "Schlichter, Lisa"]
[Result "0-1"]
[WhiteElo "958"]
[BlackElo "1365"]
[PlyCount "68"]
[EventDate "2012.03.31"]
[EventType "swiss"]
[EventRounds "9"]
[EventCountry "GER"]
[SourceTitle "EXT 2015"]
[Source "ChessBase"]
[SourceDate "2014.11.20"]
[SourceVersion "1"]
[SourceVersionDate "2014.11.20"]
[SourceQuality "1"]

1. e4 c5 2. Nf3 Nc6 3. d4 cxd4 4. Nxd4 g6 5. Be3 Bg7 6. Nc3 Qa5 7. Bb5 a6 8. Bxc6 bxc6 9. Qd3 Nf6 10. f3 0-0 11. 0-0 Bb7 12. Nb3 Qd8 13. Nc5 Bc8 14. e5 Ne8 15. e6 d6 16. Bd4 dxc5 17. Bxg7 Qxd3 18. cxd3 Nxg7 19. exf7+ Rxf7 20. Na4 Rb8 21. Rac1 Ne6 22. d4 cxd4 23. b3 Bb7 24. Nb2 Nf4 25. Rcd1 e5 26. Rfe1 Re7 27. g3 Nd5 28. Nc4 Rbe8 29. Nd2 Nc3 30. Ra1 c5 31. Kf2 Rf7 32. Kg2 e4 33. fxe4 Nxe4 34. Nxe4 Rxe4 0-1

[Event "Niedersachsen-ch U12"]
[Site "Rotenburg"]
[Date "2008.03.20"]
[Round "10"]
[White "Muermans, Ansgar"]
[Black "Serruns, Jacqueline"]
[Result "1-0"]
[WhiteElo "947"]
[BlackElo "915"]
[PlyCount "87"]
[EventDate "2008.03.15"]
[EventType "swiss"]
[EventRounds "11"]
[EventCountry "GER"]
[SourceTitle "EXT 2009"]
[Source "ChessBase"]
[SourceDate "2008.11.26"]
[SourceVersion "1"]
[SourceVersionDate "2008.11.26"]
[SourceQuality "1"]

1. e4 e5 2. Nf3 Nc6 3. d4 exd4 4. Nxd4 Bc5 5. Nxc6 bxc6 6. Bd3 Qf6 7. 0-0 d5 8. Nc3 d4 9. Ne2 Qg6 10. Bf4 Bd6 11. Bxd6 cxd6 12. Ng3 Nf6 13. Qf3 Bg4 14. Qf4 0-0 15. Qxd6 Nh5 16. Qxg6 fxg6 17. Nxh5 Bxh5 18. f3 c5 19. Bc4+ Kh8 20. g4 Bxg4 21. fxg4 h6 22. Rxf8+ Rxf8 23. e5 Re8 24. e6 Kg8 25. e7+ Kh8 26. Re1 h5 27. gxh5 gxh5 28. Bf7 Rxe7 29. Rxe7 Kh7 30. Bxh5 Kh6 31. Bd1 g5 32. Rxa7 Kg6 33. Rc7 Kf5 34. Rxc5+ Kf4 35. a4 g4 36. a5 g3 37. hxg3+ Kxg3 38. a6 Kf4 39. b4 Ke4 40. a7 d3 41. a8Q+ Kd4 42. Qd5+ Ke3 43. Qxd3+ Kf4 44. Rc4+ 1-0

[Event "Niedersachsen-ch U12"]
[Site "Rotenburg"]
[Date "2008.03.18"]
[Round "6"]
[White "Serruns, Jacqueline"]
[Black "Sukhachev, Maxim"]
[Result "0-1"]
[WhiteElo "915"]
[BlackElo "995"]
[PlyCount "26"]
[EventDate "2008.03.15"]
[EventType "swiss"]
[EventRounds "11"]
[EventCountry "GER"]
[SourceTitle "EXT 2009"]
[Source "ChessBase"]
[SourceDate "2008.11.26"]
[SourceVersion "1"]
[SourceVersionDate "2008.11.26"]
[SourceQuality "1"]

1. e4 e5 2. Nf3 Nc6 3. Bb5 a6 4. Bxc6 dxc6 5. Nxe5 Qd4 6. Ng4 Qxe4+ 7. Ne3 Bc5 8. d3 Qe5 9. 0-0 Nf6 10. Nc3 0-0 11. Re1 Re8 12. Nc4 Qxe1+ 13. Qxe1 Rxe1# 0-1

[Event "Niedersachsen-ch U10"]
[Site "Rotenburg/Wuemme"]
[Date "2007.04.04"]
[Round "8"]
[White "Serruns, Jacqueline"]
[Black "Schmidt, Dominik"]
[Result "0-1"]
[WhiteElo "794"]
[BlackElo "784"]
[PlyCount "76"]
[EventDate "2007.03.31"]
[EventType "swiss"]
[EventRounds "11"]
[EventCountry "GER"]
[SourceTitle "EXT 2008"]
[Source "ChessBase"]
[SourceDate "2007.11.25"]
[SourceVersion "1"]
[SourceVersionDate "2007.11.25"]
[SourceQuality "1"]

1. e4 c5 2. Nf3 Nc6 3. Bc4 e6 4. Nc3 g6 5. d3 Bg7 6. Bf4 Nge7 7. Nb5 0-0 8. 0-0 b6 9. Bc7 Qe8 10. Bf4 Ne5 11. Nxe5 Qd8 12. Qf3 Ba6 13. Rad1 Bxb5 14. Bxb5 d6 15. Nc6 Nxc6 16. Bxc6 Rc8 17. Bb7 Rc7 18. Ba6 Bxb2 19. Bb5 Bg7 20. Qg3 e5 21. Bg5 Qc8 22. c3 a6 23. Bc4 b5 24. Bd5 c4 25. h3 Qb8 26. Qh4 h5 27. Be7 Re8 28. Bxd6 Qd8 29. Bxc7 Qxh4 30. Bc6 Rc8 31. Bd8 Qxd8 32. Bb7 Rc7 33. Bxa6 cxd3 34. Bxb5 Rxc3 35. Rd2 Bh6 36. Rdd1 d2 37. f3 Qb6+ 38. Kh1 Qxb5 0-1